| 000 | 00843cam a2200265 a 4500 | ||
|---|---|---|---|
| 001 | 250240 | ||
| 005 | 20190404162244.0 | ||
| 008 | 840830s1981 enka b 000 0 eng | ||
| 010 | _a2008160900 | ||
| 020 | _a9781842275320 | ||
| 035 | _a(CStRLIN)NYCG84-B55802 | ||
| 040 | _dCStRLIN | ||
| 043 | _af-nr--- | ||
| 050 | 0 |
_aBL2480.I2 _bG38 2008 |
|
| 100 | 1 | _aGatumu, Kabiro wa | |
| 245 | 1 | 0 |
_aPauline Concept of Supernatural Powers: _bA reading from the African worldview / _cKabiro wa Gatumu _hBook |
| 260 |
_aUK: _bPaternoster, _cc2008. |
||
| 300 |
_axxvi, 299 p. : _bill. ; _c22 cm. |
||
| 500 | _aalso includes 18 pages of paternoster biblical monographs | ||
| 504 | _aBibliographical references and indexes | ||
| 650 | 0 | _xAfrican Christianity | |
| 650 | 0 |
_bAfrica _eproblems in demythologising |
|
| 942 |
_2lcc _cBK |
||
| 999 |
_c33458 _d33458 |
||